UBT Library

Regional and local economic analysis for practitioners / (Record no. 39922)

000 -LEADER
fixed length control field 00806cam a2200241 a 4500
001 - CONTROL NUMBER
control field 4835557
005 - DATE AND TIME OF LATEST TRANSACTION
control field 20180109074323.0
008 - FIXED-LENGTH DATA ELEMENTS--GENERAL INFORMATION
fixed length control field 900608s1991 nyua b 001 0 eng
010 ## - LIBRARY OF CONGRESS CONTROL NUMBER
LC control number 90041092
020 ## - INTERNATIONAL STANDARD BOOK NUMBER
International Standard Book Number 0275937518 (pbk. : alk. paper)
020 ## - INTERNATIONAL STANDARD BOOK NUMBER
International Standard Book Number 0275935205 (hb. : alk. paper)
040 ## - CATALOGING SOURCE
Original cataloging agency DLC
Transcribing agency DLC
Modifying agency DLC
041 ## - LANGUAGE CODE
Language code of text/sound track or separate title eng
080 ## - UNIVERSAL DECIMAL CLASSIFICATION NUMBER
Universal Decimal Classification number 338.9 VAL
082 00 - DEWEY DECIMAL CLASSIFICATION NUMBER
Classification number 338.9 VAL
Edition number 20
100 2# - Rafti
Rafti 52
101 ## - Shkurtesa
Shkurtesa EKO
245 10 - TITLE STATEMENT
Title Regional and local economic analysis for practitioners /
Statement of responsibility, etc Avrom Bendavid-Val.
504 ## - BIBLIOGRAPHY, ETC. NOTE
Bibliography, etc Includes bibliographical references (p. [225]-231) and index.
906 ## - LOCAL DATA ELEMENT F, LDF (RLIN)
a 7
b cbc
c orignew
d 1
e ocip
f 19
g y-gencatlg
942 ## - ADDED ENTRY ELEMENTS (KOHA)
Source of classification or shelving scheme
Item type Books
Holdings
Withdrawn status Lost status Source of classification or shelving scheme Damaged status Not for loan Collection code Permanent location Current location Shelving location Date acquired Total Checkouts Full call number Barcode Date last seen Price effective from Koha item type
          Koleksioni i përgjithshem UBT - Lipjan UBT - Lipjan Koleksioni i përgjithshem 01/09/2018   338.9 VAL 002-2995150 01/09/2018 01/09/2018 Books
UBT Library © 2015-2024. All rights reserved University Education for Business and Technology